000 nam a22 7a 4500
999 _c44152
_d44152
003 OSt
005 20180504114231.0
008 180504b xxu||||| |||| 00| 0 eng d
040 _cIIMT UNIVERSITY, MEERUT
050 _a403.112OXF
_b330
082 _29TH
_a403.112OXF
_b330
100 _aOXFORD UNIVERSITY, PRESS
245 _aLITTLE OXFORD ENGLISH DICTIONARY
260 _aDELHI
_bOXFORD UNIVERSITY PRESS
_c2013
300 _b9TH ED.818 PP.
760 _b9TH ED.
856 _3HARD BOUND
887 _2ACCESSION REGISTER
942 _2ddc
_c01
_e9TH ED.
_hTITLE
_iBOOK
_k403.112OXF
_m403.112OXF